BIBLIOTECA

SENCICO

Centro de belleza y relax "Ranacer" / (Registro nro. 4988)

Detalles MARC
000 -LEADER
fixed length control field 00991nam a22002537a 4500
003 - CONTROL NUMBER IDENTIFIER
control field PE SENCICO BE
005 - DATE AND TIME OF LATEST TRANSACTION
control field 20251020182707.0
008 - FIXED-LENGTH DATA ELEMENTS--GENERAL INFORMATION
fixed length control field 240318b |||||||| |||| 00| 0 eng d
040 ## - CATALOGING SOURCE
Original cataloging agency PE SENCICO BE
Transcribing agency PE SENCICO BE
041 ## - LANGUAGE CODE
Language code of text/sound track or separate title spa
084 ## - OTHER CLASSIFICATION NUMBER
Classification number I
-- DIS
-- 2018
Item number C88C
100 1# - MAIN ENTRY--PERSONAL NAME
9 (RLIN) 2021
Personal name Cruz Quispe. Edith
Relator term autor
245 1# - TITLE STATEMENT
Title Centro de belleza y relax "Ranacer" /
Statement of responsibility, etc. Edith Rocío Cruz Quispe
260 ## - PUBLICATION, DISTRIBUTION, ETC.
Place of publication, distribution, etc. Lima :
Date of publication, distribution, etc. 2018
300 ## - PHYSICAL DESCRIPTION
Extent 37 h. :
Other physical details il. col. ;
Dimensions 30 cm.
500 ## - GENERAL NOTE
General note El volumen 2 contiene planos.
502 ## - DISSERTATION NOTE
Dissertation note Monografía de Titulación.-- Servicio Nacional de Capacitación para la Industria de la Construcción. Escuela Superior Técnica. Carrera Profesional Técnica en Edificaciones, 2018
650 10 - SUBJECT ADDED ENTRY--TOPICAL TERM
9 (RLIN) 44
Topical term or geographic name entry element Diseño de interiores
650 20 - SUBJECT ADDED ENTRY--TOPICAL TERM
9 (RLIN) 1954
Topical term or geographic name entry element Salones de belleza
650 20 - SUBJECT ADDED ENTRY--TOPICAL TERM
9 (RLIN) 615
Topical term or geographic name entry element Planos
710 1# - ADDED ENTRY--CORPORATE NAME
Corporate name or jurisdiction name as entry element Servicio Nacional de Capacitación para la Industria de la Construcción.
Subordinate unit Escuela Superior Técnica
9 (RLIN) 1065
910 ## - USER-OPTION DATA (OCLC)
-- hfp
-- hfp
942 ## - ADDED ENTRY ELEMENTS (KOHA)
Koha item type Monografía de Titulación
Existencias
Fecha de la última vez que lo usaron Número de ingreso o de inventario Pago total Signatura topográfica completa Código de barras Precio efectivo desde Tipo de documento Estado perdido Estado dañado No es para préstamo Retirado Ubicación permanente Ubicación actual Fecha de adquisición
18/03/2024 I-00558   I/DIS/2018/C88C/v. 1 BibLima24030039 18/03/2024 Monografía de Titulación         Biblioteca Central Lima Biblioteca Central Lima 18/03/2024
19/03/2024 I-00562   I/DIS/2018/C88C/v. 2 BibLima24030043 19/03/2024 Monografía de Titulación         Biblioteca Central Lima Biblioteca Central Lima 19/03/2024